00878 2200301 4500001002100000005001700021008004100038020002200079035002400101040001200125041000800137082001600145084001600161090002000177100002200197245011400219250001100333260003100344300003200375500004200407500001100449650002300460700001800483700002000501700002100521850001200542990002200554INLIS00000000002523220170612141108.0  a978-979-21-4516-8 0010-021700000000046 aYOPDYOG aind 2[23]a200.3 a200.3 WiL E aDEP 200.3 WiL E aWILKINSON, Philip aEnsiklopedia agamac/ Philip Wilkinson, Douglas Charing ; penerjemah, Indro Subroto ; editor, Lani Setyandari aCet. 1 aYogyakartabKanisiusc2016 a302 hlm.b: ilus.c; 28 cm. aJudul asli : Encyclopedia of religion aIndeks aAgamavEnsiklopedi aIndro Subroto aLani Setyandari aCharing, Douglas aYOPDYOG aCB-D.11/2016-1252